000 00267nam a2200133Ia 4500
100 _aDeb/A
942 _cBK
654 _aManagement
245 _aMaterials management
260 _bAcademic Pub
_c1974
082 _a658.7
_bDEB
300 _a240
546 _aENGLISH
999 _c34061
_d34061